[Event "Le Kram BICA Rapid op 1st"]
[Site "Le Kram"]
[Date "2022.11.27"]
[Round "2"]
[White "Boughizene, Farhat"]
[Black "Jabloun, Bilel"]
[Result "0-1"]
[WhiteElo "1219"]
[BlackElo "1987"]
[PlyCount "85"]
[EventDate "2022.11.27"]
[EventType "swiss (rapid)"]
[EventRounds "9"]
[EventCountry "TUN"]
[SourceTitle "CBM 211 Extra"]
[Source "ChessBase"]
[SourceDate "2023.01.31"]
[SourceVersion "1"]
[SourceVersionDate "2023.01.31"]
[SourceQuality "1"]

1. d4 Nf6 2. Bf4 e6 3. Nf3 c5 4. e3 Nc6 5. c3 d5 6. Nbd2 Bd6 7. Bg3 cxd4 8. exd4 0-0 9. Bd3 Qc7 10. Qc2 e5 11. dxe5 Nxe5 12. 0-0 Be6 13. Rfe1 Nxd3 14. Qxd3 Bxg3 15. hxg3 Bg4 16. Ne5 Bh5 17. f4 Bg4 18. Ndf3 Bxf3 19. gxf3 Rfd8 20. Rad1 Qb6+ 21. Kg2 Qxb2+ 22. Rd2 Qb6 23. Rh1 Rac8 24. g4 g6 25. Rb1 Qc7 26. Rdb2 b6 27. Rc2 d4 28. c4 Qc5 29. Rb5 Qd6 30. g5 Nd7 31. Rd5 Nxe5 32. fxe5 Qe7 33. f4 Qe6 34. Rd2 Qg4+ 35. Qg3 Qxg3+ 36. Kxg3 Rxd5 37. cxd5 Rc4 38. d6 Kf8 39. Kf3 Ke8 40. Ke4 d3+ 41. Ke3 Ra4 42. Rxd3 Rxa2 43. d7+ 0-1